| Tag |
First Indicator |
Second Indicator |
Subfields |
| LEADER |
00000cam a2200000 i 4500 |
| 001 |
in00000324924 |
| 005 |
20151011050631.0 |
| 008 |
760429s1975 sz b 00110cfre |
| 010 |
|
|
|a 76459841
|
| 015 |
|
|
|a Sw76-3038
|
| 020 |
|
|
|c 45.00F
|
| 035 |
|
|
|a (OCoLC)02213954
|
| 035 |
|
|
|9 ABK2685AM
|
| 040 |
|
|
|a DLC
|c DLC
|d TXA
|d UtOrBLW
|
| 049 |
|
|
|a TXAM
|c [1574813]
|
| 050 |
0 |
0 |
|a PQ2613.I2
|b Z5666 1975
|
| 100 |
1 |
|
|a Gide, André,
|d 1869-1951.
|
| 245 |
1 |
0 |
|a Correspondance (1891-1938) /
|c Andre Gide et Albert Mockel ; ed. etablie, presentee et annotee par Gustave Vanwelkenhuyzen.
|
| 264 |
|
1 |
|a Geneve :
|b Droz,
|c 1975.
|
| 300 |
|
|
|a 351 pages ;
|c 18 cm.
|
| 336 |
|
|
|a text
|b txt
|2 rdacontent
|
| 337 |
|
|
|a unmediated
|b n
|2 rdamedia
|
| 338 |
|
|
|a volume
|b nc
|2 rdacarrier
|
| 490 |
1 |
|
|a Textes litteraires francais ; 221
|
| 504 |
|
|
|a Includes bibliographical references and indexes.
|
| 600 |
1 |
0 |
|a Gide, André,
|d 1869-1951.
|t Correspondence.
|
| 600 |
1 |
0 |
|a Mockel, Albert,
|d 1866-1945.
|
| 700 |
1 |
|
|a Mockel, Albert,
|d 1866-1945.
|
| 700 |
1 |
|
|a Vanwelkenhuyzen, Gustave,
|d 1900-
|
| 830 |
|
0 |
|a Textes littéraires français ;
|v 221.
|
| 999 |
|
|
|a MARS
|
| 999 |
f |
f |
|s 85feca60-b73b-300a-89ec-e884c3a33006
|i 5ce3569a-defa-378f-a192-6825453d93db
|t 0
|
| 952 |
f |
f |
|p ric
|a Texas A&M University
|b Rellis Campus
|c Joint Library Facility
|d Remote Storage
|t 0
|e PQ2613.I2 Z5666 1975
|h Library of Congress classification
|i unmediated -- volume
|m A14803781107
|
| 998 |
f |
f |
|a PQ2613.I2 Z5666 1975
|t 0
|l Remote Storage
|